Statistics for Orlando Magic Quiz

Click here to take the quiz!

General Stats

  • This quiz has been taken 45 times
  • The average score is 12 of 19

Answer Stats

Answer% Correct
Eastern
100%
Ocean Boat Blue
97%
Southeast
97%
Black
95%
Orlando, Florida
95%
6
92%
2
92%
0
89%
1989
86%
Walt Disney World
62%
Lavender Gray
57%
Amway Center
54%
Steve Clifford
46%
Jeff Weltman
19%
Lakeland Magic
19%
John Hammond
16%
Alex Martins
14%
Dan DeVos
14%

Score Distribution

Percentile by Number Answered

Percent of People with Each Score

Your Score History

You have not taken this quiz